[Event "15. Obert Int. Sant Marti 2013"]
[Site "Barcelona ESP"]
[Date "2013.07.19"]
[Round "7.17"]
[White "Perez Mitjans, Orelvis"]
[Black "Hernando Rodrigo, Julio Antonio"]
[Result "0-1"]
[WhiteElo "2495"]
[BlackElo "2327"]
[PlyCount "63"]
[EventDate "2013.07.13"]
[EventType "swiss"]
[EventRounds "9"]
[EventCountry "ESP"]
[SourceTitle "Ajedrez en Madrid"]
[Source "lmi"]
[SourceDate "2013.07.13"]
[SourceVersion "1"]
[SourceVersionDate "2019.06.21"]
[SourceQuality "1"]

1. e4 e6 2. d4 d5 3. Nc3 Bb4 4. e5 c5 5. a3 Ba5 6. Qg4 Ne7 7. b4 cxd4 8. bxa5
dxc3 9. Qxg7 Rg8 10. Qxh7 Nbc6 11. Nf3 Qxa5 12. Ng5 Nxe5 13. f4 f6 14. fxe5
fxg5 15. Qh5+ Kd7 16. Bxg5 Qc5 17. Bd3 Kc7 18. Qh4 Bd7 19. Bxe7 Qe3+ 20. Kf1
Raf8+ 21. Bf6 Qxe5 22. Re1 Qxf6+ 23. Qxf6 Rxf6+ 24. Kg1 Kd6 25. Rf1 Rxf1+ 26.
Kxf1 e5 27. h4 e4 28. Be2 d4 29. h5 Bf5 30. Rh4 d3 31. Bd1 Bg4 32. Bxg4 0-1

[Event "15. Obert Int. Sant Marti 2013"]
[Site "Barcelona ESP"]
[Date "2013.07.19"]
[Round "7.18"]
[White "Saptarshi, Roy"]
[Black "Getz, Nicolai"]
[Result "0-1"]
[WhiteElo "2447"]
[BlackElo "2353"]
[PlyCount "144"]
[EventDate "2013.07.13"]
[EventType "swiss"]
[EventRounds "9"]
[EventCountry "ESP"]
[SourceTitle "Ajedrez en Madrid"]
[Source "lmi"]
[SourceDate "2013.07.13"]
[SourceVersion "1"]
[SourceVersionDate "2019.06.21"]
[SourceQuality "1"]

1. e4 e5 2. Nf3 Nc6 3. Bb5 a6 4. Ba4 Nf6 5. O-O b5 6. Bb3 Bb7 7. d3 Be7 8. a4
O-O 9. axb5 axb5 10. Rxa8 Qxa8 11. Nc3 b4 12. Nd5 Nxd5 13. Bxd5 d6 14. Bg5 Bxg5
15. Nxg5 h6 16. Nh3 Nd4 17. Bxb7 Qxb7 18. c3 Ne6 19. f4 exf4 20. Nxf4 Nxf4 21.
Rxf4 bxc3 22. bxc3 Qb2 23. Qe1 Qc2 24. d4 Rb8 25. Qe3 Rb2 26. Rf2 Qd1+ 27. Rf1
Qe2 28. Qf2 f6 29. Qg3 Qxe4 30. h4 Re2 31. Rf3 Re1+ 32. Kh2 Qb1 33. Qg4 Rh1+
34. Kg3 Qe1+ 35. Rf2 Qxc3+ 36. Rf3 Qe1+ 37. Rf2 Qe3+ 38. Rf3 Qe7 39. Qc8+ Kf7
40. Qg4 Re1 41. Qh5+ Kf8 42. Kh2 Qe4 43. d5 Qe5+ 44. Qxe5 dxe5 45. Rc3 Rd1 46.
Rc5 h5 47. Kg3 Rd4 48. Kf3 Kg8 49. g3 Kh7 50. Ke3 Kg6 51. Kf3 Kf5 52. Rxc7 g6
53. Rd7 Rd3+ 54. Kf2 e4 55. d6 Rd2+ 56. Kf1 Rd3 57. Kf2 Rf3+ 58. Kg2 Kg4 59.
Rg7 Rxg3+ 60. Kh2 Kxh4 61. d7 Rd3 62. Rxg6 f5 63. Rg7 f4 64. Kg2 Rd2+ 65. Kf1
e3 66. Ke1 Kh3 67. Rh7 Kg4 68. Rf7 Kf3 69. Re7 h4 70. Rh7 Rh2 71. Kd1 e2+ 72.
Kd2 Rh1 0-1

[Event "15. Obert Int. Sant Marti 2013"]
[Site "Barcelona ESP"]
[Date "2013.07.19"]
[Round "7.19"]
[White "Lovik, Lasse Ostebo"]
[Black "Valdes Romero, Leonardo"]
[Result "0-1"]
[WhiteElo "2311"]
[BlackElo "2444"]
[PlyCount "190"]
[EventDate "2013.07.13"]
[EventType "swiss"]
[EventRounds "9"]
[EventCountry "ESP"]
[SourceTitle "Ajedrez en Madrid"]
[Source "lmi"]
[SourceDate "2013.07.13"]
[SourceVersion "1"]
[SourceVersionDate "2019.06.21"]
[SourceQuality "1"]

1. d4 d6 2. c4 Nf6 3. Nc3 Nbd7 4. g3 e5 5. Bg2 Be7 6. Nf3 O-O 7. O-O c6 8. Qc2
Re8 9. Rd1 Qc7 10. e4 a6 11. a4 a5 12. b3 Bf8 13. Ba3 Qb6 14. h3 exd4 15. Nxd4
Nc5 16. Rab1 Na6 17. Qd2 Nb4 18. Qf4 h6 19. Bc1 Qc5 20. Be3 Qe5 21. Rd2 Na6 22.
Qf3 Nc5 23. Bf4 Nfxe4 24. Nxe4 Qxe4 25. Qxe4 Nxe4 26. Re1 f5 27. Rde2 Rd8 28.
Nxf5 Bxf5 29. Bxe4 Bxh3 30. Rd1 g5 31. Bc1 Re8 32. f3 Bf5 33. Ba3 Bxe4 34. Rxe4
Rxe4 35. fxe4 Re8 36. Bxd6 Rxe4 37. Kf2 Re6 38. Bxf8 Rf6+ 39. Kg2 Rxf8 40. Rd7
Rf7 41. Rd8+ Kg7 42. Rd6 g4 43. Rd4 h5 44. Rd6 Kh7 45. c5 Kg7 46. Rd4 Re7 47.
Kf2 Kf6 48. Rd6+ Kg5 49. b4 axb4 50. Rd4 Kf5 51. Rxb4 Ke5 52. Rf4 Re6 53. Rb4
Rf6+ 54. Kg2 Rf7 55. Rb1 Kd5 56. Rc1 Kd4 57. Rc2 Kd3 58. Rc1 Re7 59. Kf1 Rf7+
60. Kg1 Kd4 61. Kg2 Rf5 62. Rb1 Rxc5 63. Rxb7 Rc2+ 64. Kf1 Rc1+ 65. Ke2 Rc2+
66. Kf1 Rc5 67. Kf2 Ra5 68. Rh7 Rxa4 69. Rxh5 Kd3 70. Re5 Ra2+ 71. Ke1 Rc2 72.
Kf1 c5 73. Rg5 Rc4 74. Kf2 Rc2+ 75. Kf1 Rc1+ 76. Kf2 Rc4 77. Kg2 Rc2+ 78. Kf1
c4 79. Rxg4 Rh2 80. Rg8 c3 81. Rd8+ Ke3 82. Re8+ Kf3 83. Rf8+ Kxg3 84. Rc8 c2
85. Ke1 Kf3 86. Rf8+ Ke3 87. Re8+ Kd3 88. Rd8+ Kc3 89. Rc8+ Kb2 90. Rb8+ Kc1
91. Rb7 Rh5 92. Ke2 Re5+ 93. Kf2 Kd2 94. Rd7+ Kc3 95. Rc7+ Kd3 0-1

[Event "15. Obert Int. Sant Marti 2013"]
[Site "Barcelona ESP"]
[Date "2013.07.19"]
[Round "7.20"]
[White "Uribe Arteaga, Daniel"]
[Black "Aloma Vidal, Robert"]
[Result "0-1"]
[WhiteElo "2274"]
[BlackElo "2421"]
[PlyCount "94"]
[EventDate "2013.07.13"]
[EventType "swiss"]
[EventRounds "9"]
[EventCountry "ESP"]
[SourceTitle "Ajedrez en Madrid"]
[Source "lmi"]
[SourceDate "2013.07.13"]
[SourceVersion "1"]
[SourceVersionDate "2019.06.21"]
[SourceQuality "1"]

1. d4 Nf6 2. c4 g6 3. Nc3 Bg7 4. e4 d6 5. f3 O-O 6. Be3 Nc6 7. Nge2 a6 8. Qd2
Rb8 9. Rb1 b5 10. cxb5 axb5 11. b4 e5 12. d5 Ne7 13. Ng3 Bd7 14. Be2 h5 15. O-O
h4 16. Nh1 Nh5 17. Bg5 h3 18. g4 Nf4 19. Bxf4 exf4 20. Nf2 g5 21. Nxh3 Ng6 22.
Rfc1 Be5 23. Bf1 Qf6 24. Ne2 Rb7 25. Rc2 Ra8 26. Rbc1 Ra3 27. Kf2 Nh4 28. Nhg1
Qd8 29. Nd4 Qb8 30. Be2 Qa7 31. Rd1 Qb6 32. Kf1 Rba7 33. Nb3 Qe3 34. Qxe3 fxe3
35. Na5 Bc3 36. Nc6 R7a4 37. Bxb5 Rxb4 38. Ne7+ Kf8 39. Bxd7 Kxe7 40. Bf5 Rb2
41. Rdc1 Raxa2 42. Re2 Bd2 43. Rd1 Kf6 44. Bd7 Ke5 45. Bf5 Rb3 46. Bh7 Rba3 47.
Bg8 Ra1 0-1

[Event "15. Obert Int. Sant Marti 2013"]
[Site "Barcelona ESP"]
[Date "2013.07.19"]
[Round "7.22"]
[White "Perpinya Rofes, Lluis Maria"]
[Black "Silva, Luis Neves Da"]
[Result "0-1"]
[WhiteElo "2400"]
[BlackElo "2218"]
[PlyCount "88"]
[EventDate "2013.07.13"]
[EventType "swiss"]
[EventRounds "9"]
[EventCountry "ESP"]
[SourceTitle "Ajedrez en Madrid"]
[Source "lmi"]
[SourceDate "2013.07.13"]
[SourceVersion "1"]
[SourceVersionDate "2019.06.21"]
[SourceQuality "1"]

1. e4 c5 2. Nc3 a6 3. f4 b5 4. d4 cxd4 5. Qxd4 Nc6 6. Qf2 Bb7 7. Be3 e6 8. Bb6
Qb8 9. O-O-O Nf6 10. Bd3 Ng4 11. Qf3 Bc8 12. Be3 Nxe3 13. Qxe3 Qa7 14. Qg3 Bb7
15. Nf3 h6 16. Kb1 O-O-O 17. e5 Kb8 18. h4 f5 19. exf6 gxf6 20. f5+ Ka8 21. Be4
Bc5 22. fxe6 dxe6 23. Qg7 f5 24. Rxd8+ Rxd8 25. Bxc6 Bxc6 26. Qxh6 b4 27. Nd1
Qd7 28. b3 a5 29. Nb2 Bf8 30. Qe3 Bg7 31. Qb6 Bxf3 32. Qxa5+ Kb8 33. gxf3 Qd4
34. Qb5+ Ka7 35. Qa5+ Kb7 36. c3 bxc3 37. Qb5+ Ka7 38. Rc1 Qd2 39. Qa5+ Kb7 40.
Qb5+ Ka7 41. Na4 Rc8 42. Qb6+ Ka8 43. Qa6+ Kb8 44. Qb5+ Kc7 0-1

[Event "15. Obert Int. Sant Marti 2013"]
[Site "Barcelona ESP"]
[Date "2013.07.19"]
[Round "7.23"]
[White "Panelo, Marcelo"]
[Black "Dukaczewski, Piotr"]
[Result "1-0"]
[WhiteElo "2428"]
[BlackElo "2226"]
[PlyCount "121"]
[EventDate "2013.07.13"]
[EventType "swiss"]
[EventRounds "9"]
[EventCountry "ESP"]
[SourceTitle "Ajedrez en Madrid"]
[Source "lmi"]
[SourceDate "2013.07.13"]
[SourceVersion "1"]
[SourceVersionDate "2019.06.21"]
[SourceQuality "1"]

1. d4 d5 2. c4 dxc4 3. e4 e6 4. Bxc4 c5 5. d5 Nf6 6. Nc3 exd5 7. Nxd5 Nxd5 8.
Bxd5 Be7 9. Ne2 O-O 10. O-O Na6 11. Bf4 Nc7 12. Nc3 Ne6 13. Bg3 Nd4 14. Rc1 Qa5
15. Be5 Qb4 16. b3 Be6 17. Qd3 Rad8 18. Qg3 g6 19. Rfe1 Rfe8 20. Bxe6 fxe6 21.
h4 Nc6 22. Bf4 Qd4 23. e5 Rf8 24. Re4 Qd3 25. Qg4 Rf5 26. h5 g5 27. Bg3 Qd2 28.
Ree1 Rd4 29. Qe2 Qxe2 30. Rxe2 g4 31. Nb5 Rd7 32. Re4 Rxh5 33. Rxg4+ Kf7 34.
Rf4+ Kg6 35. Rg4+ Kf7 36. Re4 Rd2 37. Nc3 Nb4 38. Bf4 Rd4 39. Be3 Rxe4 40. Nxe4
b6 41. f4 Ke8 42. a3 Nd5 43. Kf2 Kd7 44. Kf3 Nxe3 45. Kxe3 Kc6 46. a4 a6 47.
Kf3 b5 48. axb5+ axb5 49. Nxc5 Bxc5 50. b4 Kb6 51. Rxc5 Rh1 52. Rc8 Rb1 53. Re8
Rb3+ 54. Kg4 Rxb4 55. Rxe6+ Kc5 56. Rh6 Ra4 57. Rxh7 b4 58. Rc7+ Kb6 59. Rc1 b3
60. e6 Rb4 61. Rb1 1-0

[Event "15. Obert Int. Sant Marti 2013"]
[Site "Barcelona ESP"]
[Date "2013.07.19"]
[Round "7.24"]
[White "Salazar, Aura Cristina"]
[Black "Eggleston, David J"]
[Result "0-1"]
[WhiteElo "2200"]
[BlackElo "2363"]
[PlyCount "60"]
[EventDate "2013.07.13"]
[EventType "swiss"]
[EventRounds "9"]
[EventCountry "ESP"]
[SourceTitle "Ajedrez en Madrid"]
[Source "lmi"]
[SourceDate "2013.07.13"]
[SourceVersion "1"]
[SourceVersionDate "2019.06.21"]
[SourceQuality "1"]

1. e4 c5 2. Nf3 d6 3. d4 cxd4 4. Nxd4 Nf6 5. Nc3 a6 6. h3 e6 7. g4 Be7 8. g5
Nfd7 9. Be3 Nc6 10. h4 Qc7 11. Rg1 b5 12. Nxc6 Qxc6 13. a3 Bb7 14. h5 Ne5 15.
h6 gxh6 16. gxh6 Bf6 17. a4 bxa4 18. Qe2 Nf3+ 19. Qxf3 Bxc3+ 20. bxc3 Qxc3+ 21.
Ke2 Qxa1 22. Rg7 Rf8 23. Bg5 Rc8 24. Kd2 Qxf1 25. Qf6 Kd7 26. e5 Rxc2+ 27. Kxc2
Rc8+ 28. Kd2 Qc1+ 29. Kd3 Qc2+ 30. Ke3 Qe4+ 0-1

[Event "15. Obert Int. Sant Marti 2013"]
[Site "Barcelona ESP"]
[Date "2013.07.19"]
[Round "7.25"]
[White "Enchev, Ivajlo"]
[Black "Zapata Arbelaez, Estiven"]
[Result "1-0"]
[WhiteElo "2448"]
[BlackElo "2001"]
[PlyCount "81"]
[EventDate "2013.07.13"]
[EventType "swiss"]
[EventRounds "9"]
[EventCountry "ESP"]
[SourceTitle "Ajedrez en Madrid"]
[Source "lmi"]
[SourceDate "2013.07.13"]
[SourceVersion "1"]
[SourceVersionDate "2019.06.21"]
[SourceQuality "1"]

1. d4 d5 2. Nf3 Nf6 3. Bf4 c6 4. e3 Qb6 5. Qc1 Bf5 6. Be2 e6 7. O-O Nbd7 8. c4
dxc4 9. Nfd2 Bd3 10. Nxc4 Bxc4 11. Bxc4 Be7 12. Nc3 O-O 13. h3 Nd5 14. Bg3 N7f6
15. f3 c5 16. Na4 Qc6 17. Nxc5 b6 18. Nd3 Rac8 19. Ne5 Qb7 20. Qd2 Bd6 21. Rac1
Nh5 22. Bh2 Rfd8 23. Qe2 Qe7 24. g4 Nhf6 25. a3 Bxe5 26. Bxe5 Ne8 27. Bg3 Nd6
28. Bd3 f6 29. e4 Nc7 30. Rc6 Nce8 31. Rfc1 Rb8 32. Bc4 Rdc8 33. Bb3 Qd7 34.
Rxc8 Rxc8 35. Rxc8 Qxc8 36. e5 fxe5 37. Bxe5 Kf7 38. Kg2 g6 39. d5 exd5 40.
Bxd5+ Kf8 41. Qd2 1-0

[Event "15. Obert Int. Sant Marti 2013"]
[Site "Barcelona ESP"]
[Date "2013.07.19"]
[Round "7.26"]
[White "Fernandez Romero, Ernesto"]
[Black "Thakur, Akash"]
[Result "1-0"]
[WhiteElo "2480"]
[BlackElo "2234"]
[PlyCount "97"]
[EventDate "2013.07.13"]
[EventType "swiss"]
[EventRounds "9"]
[EventCountry "ESP"]
[SourceTitle "Ajedrez en Madrid"]
[Source "lmi"]
[SourceDate "2013.07.13"]
[SourceVersion "1"]
[SourceVersionDate "2019.06.21"]
[SourceQuality "1"]

1. e4 e5 2. Nf3 Nc6 3. Bb5 a6 4. Bxc6 dxc6 5. O-O Bg4 6. h3 Bxf3 7. Qxf3 Qd7 8.
Qc3 f6 9. d3 h5 10. Be3 O-O-O 11. Nd2 g5 12. b4 g4 13. h4 Bh6 14. g3 Ne7 15. a4
f5 16. Bxh6 Rxh6 17. Qxe5 Re6 18. Qc5 Qd4 19. Nb3 Qxc5 20. Nxc5 Re5 21. a5 fxe4
22. dxe4 b6 23. axb6 cxb6 24. Nd3 Rxe4 25. Rxa6 Kb7 26. Ra2 Nd5 27. Rfa1 Nc7
28. Kg2 Rdd4 29. Nf4 Re5 30. Ra7+ Kc8 31. R7a3 Rd2 32. R3a2 Rd4 33. c3 Rc4 34.
Re2 Rxe2 35. Nxe2 Nd5 36. Ra8+ Kd7 37. Rh8 Nxc3 38. Nxc3 Rxc3 39. Rxh5 Rb3 40.
Rg5 Rxb4 41. h5 Re4 42. h6 Re8 43. Rxg4 b5 44. h7 Rh8 45. Rg7+ Ke6 46. g4 b4
47. Rc7 Rb8 48. Rxc6+ Kf7 49. Rb6 1-0

[Event "15. Obert Int. Sant Marti 2013"]
[Site "Barcelona ESP"]
[Date "2013.07.19"]
[Round "7.27"]
[White "Valsecchi, Alessio"]
[Black "Salomon, Johan"]
[Result "1-0"]
[WhiteElo "2412"]
[BlackElo "2211"]
[PlyCount "75"]
[EventDate "2013.07.13"]
[EventType "swiss"]
[EventRounds "9"]
[EventCountry "ESP"]
[SourceTitle "Ajedrez en Madrid"]
[Source "lmi"]
[SourceDate "2013.07.13"]
[SourceVersion "1"]
[SourceVersionDate "2019.06.21"]
[SourceQuality "1"]

1. d4 Nf6 2. Nc3 d5 3. Bg5 Bf5 4. Bxf6 exf6 5. e3 c6 6. Nge2 Bd6 7. Ng3 Bg6 8.
f4 Qe7 9. Qf3 Bxc2 10. Rc1 Be4 11. Ncxe4 dxe4 12. Qg4 Nd7 13. Nf5 Qf8 14. Nxg7+
Kd8 15. Nf5 h5 16. Qd1 Nb6 17. Qb3 Kc7 18. Kf2 Rd8 19. Be2 Kb8 20. Ng3 Qe7 21.
Bxh5 Nd5 22. Nf5 Qc7 23. Qxd5 cxd5 24. Rxc7 Bxc7 25. Bxf7 Rhf8 26. Bh5 Ba5 27.
Bd1 Rc8 28. Bb3 Bd2 29. h4 Rc1 30. Rxc1 Bxc1 31. Bxd5 Bxb2 32. h5 b5 33. g4 a5
34. h6 b4 35. Ne7 Rh8 36. g5 fxg5 37. fxg5 Kc7 38. g6 1-0

[Event "15. Obert Int. Sant Marti 2013"]
[Site "Barcelona ESP"]
[Date "2013.07.19"]
[Round "7.28"]
[White "Anguera Maestro, Jaime"]
[Black "Gullaksen, Eirik"]
[Result "0-1"]
[WhiteElo "2180"]
[BlackElo "2380"]
[PlyCount "96"]
[EventDate "2013.07.13"]
[EventType "swiss"]
[EventRounds "9"]
[EventCountry "ESP"]
[SourceTitle "Ajedrez en Madrid"]
[Source "lmi"]
[SourceDate "2013.07.13"]
[SourceVersion "1"]
[SourceVersionDate "2019.06.21"]
[SourceQuality "1"]

1. d4 Nf6 2. c4 g6 3. Nc3 Bg7 4. e4 O-O 5. Be3 d6 6. h3 Na6 7. Nf3 e5 8. d5 Nh5
9. Bd3 Nf4 10. Bxf4 exf4 11. Qd2 Qf6 12. O-O Bd7 13. Ne2 Nc5 14. Rab1 Rfe8 15.
Nc3 g5 16. Bc2 a5 17. Nh2 h5 18. f3 Qd4+ 19. Qxd4 Bxd4+ 20. Kh1 Bxc3 21. bxc3
Kg7 22. Rfe1 Re5 23. Nf1 Rae8 24. Nd2 a4 25. Kg1 b6 26. Kf2 f5 27. exf5 Re3 28.
Ne4 Nxe4+ 29. Bxe4 Rxc3 30. Rbc1 Rxc1 31. Rxc1 Kf6 32. Re1 Re5 33. Ke2 Bxf5 34.
Kd3 Re8 35. Re2 Bd7 36. Kd4 g4 37. hxg4 hxg4 38. Bd3 Rxe2 39. Bxe2 a3 40. Bd3
Kg5 41. Kc3 Kh4 42. Be4 Kg3 43. fxg4 Bxg4 44. Kb4 Be2 45. Kb5 Bf1 46. Kc6 Bxc4
47. Kxc7 Bxa2 48. Kxd6 Bb3 0-1

[Event "15. Obert Int. Sant Marti 2013"]
[Site "Barcelona ESP"]
[Date "2013.07.19"]
[Round "7.29"]
[White "Galopoulos, Nikolaos"]
[Black "Martorell Aguado, Joan"]
[Result "1-0"]
[WhiteElo "2343"]
[BlackElo "2167"]
[PlyCount "103"]
[EventDate "2013.07.13"]
[EventType "swiss"]
[EventRounds "9"]
[EventCountry "ESP"]
[SourceTitle "Ajedrez en Madrid"]
[Source "lmi"]
[SourceDate "2013.07.13"]
[SourceVersion "1"]
[SourceVersionDate "2019.06.21"]
[SourceQuality "1"]

1. d4 Nf6 2. c4 g6 3. Nc3 d5 4. Nf3 Bg7 5. Bg5 Ne4 6. cxd5 Nxg5 7. Nxg5 e6 8.
Qd2 h6 9. Nh3 exd5 10. Qe3+ Kf8 11. Nf4 c5 12. dxc5 d4 13. Qd2 Nd7 14. Nb5 Nxc5
15. Rd1 Qb6 16. e3 dxe3 17. fxe3 Bf5 18. Qb4 Be5 19. Rd5 Bxf4 20. exf4 Rc8 21.
Qd4 Nd3+ 22. Bxd3 Qxd4 23. Nxd4 Rc1+ 24. Kf2 Rxh1 25. Bxf5 gxf5 26. Nxf5 Ke8
27. Re5+ Kd8 28. Re7 Kc8 29. Nd6+ Kb8 30. Rxb7+ Ka8 31. Rxf7 Rb1 32. Nc4 Rc8
33. b3 Ra1 34. f5 Rxa2+ 35. Kf3 Rb8 36. Re7 Rxb3+ 37. Ne3 Rbb2 38. Kg4 Rf2 39.
Kh5 Ra6 40. h4 Rb6 41. g4 a5 42. Nd5 Rd6 43. Nc3 Rf3 44. Ne4 Rd4 45. f6 a4 46.
g5 hxg5 47. hxg5 a3 48. Re5 Ra4 49. g6 Rf1 50. g7 Rh1+ 51. Kg6 Rg1+ 52. Ng5 1-0

[Event "15. Obert Int. Sant Marti 2013"]
[Site "Barcelona ESP"]
[Date "2013.07.19"]
[Round "7.31"]
[White "Minko, Vladimir"]
[Black "Dalo, Hermes"]
[Result "1-0"]
[WhiteElo "2312"]
[BlackElo "2148"]
[PlyCount "115"]
[EventDate "2013.07.13"]
[EventType "swiss"]
[EventRounds "9"]
[EventCountry "ESP"]
[SourceTitle "Ajedrez en Madrid"]
[Source "lmi"]
[SourceDate "2013.07.13"]
[SourceVersion "1"]
[SourceVersionDate "2019.06.21"]
[SourceQuality "1"]

1. d4 Nf6 2. c4 g6 3. Nf3 Bg7 4. g3 O-O 5. Bg2 d6 6. Nc3 c6 7. O-O Qa5 8. e4
Qh5 9. Ng5 h6 10. Qxh5 Nxh5 11. Nf3 Be6 12. d5 cxd5 13. exd5 Bd7 14. Re1 Re8
15. Be3 Na6 16. Bd4 Nc7 17. Bxg7 Nxg7 18. Nd4 Nf5 19. Nxf5 Bxf5 20. b4 a5 21.
b5 b6 22. Ne2 Rad8 23. Nd4 Kg7 24. Rad1 Kf6 25. Nc6 Rd7 26. Rd2 h5 27. f4 h4
28. a4 hxg3 29. hxg3 g5 30. fxg5+ Kxg5 31. Rf2 e6 32. Nd4 Rde7 33. Nxf5 exf5
34. Ref1 Re5 35. Bh3 R8e7 36. Bxf5 Re1 37. Bc8 Rxf1+ 38. Kxf1 Ne8 39. Re2 Rxe2
40. Kxe2 Kf6 41. Bd7 Ng7 42. g4 Ke5 43. Ke3 f5 44. g5 f4+ 45. Kf3 Kd4 46. Kxf4
Kxc4 47. Be6 Kb4 48. g6 Kxa4 49. Kg5 Kxb5 50. Kh6 Kb4 51. Kxg7 a4 52. Bf5 a3
53. Bb1 Kb3 54. Kf6 Kb2 55. g7 Kxb1 56. g8=Q a2 57. Qg1+ Kb2 58. Qxb6+ 1-0

[Event "15. Obert Int. Sant Marti 2013"]
[Site "Barcelona ESP"]
[Date "2013.07.19"]
[Round "7.32"]
[White "Jaramillo Ochoa, Mateo"]
[Black "Forsaa, Espen"]
[Result "1-0"]
[WhiteElo "2074"]
[BlackElo "2293"]
[PlyCount "89"]
[EventDate "2013.07.13"]
[EventType "swiss"]
[EventRounds "9"]
[EventCountry "ESP"]
[SourceTitle "Ajedrez en Madrid"]
[Source "lmi"]
[SourceDate "2013.07.13"]
[SourceVersion "1"]
[SourceVersionDate "2019.06.21"]
[SourceQuality "1"]

1. d4 e6 2. c4 Nf6 3. g3 d5 4. Nf3 dxc4 5. Bg2 Bb4+ 6. Bd2 a5 7. O-O O-O 8. Bg5
Nc6 9. e3 h6 10. Bxf6 Qxf6 11. Qe2 e5 12. d5 Ne7 13. a3 Bd6 14. Qxc4 b5 15. Qd3
Qf5 16. e4 Qg4 17. Nbd2 Ba6 18. b4 f6 19. Rab1 Qd7 20. Rfd1 Rfd8 21. Nf1 Kh8
22. Ne3 c5 23. dxc6 Qxc6 24. Rbc1 Qb6 25. Qb3 axb4 26. axb4 Rac8 27. Bh3 Rxc1
28. Rxc1 Qb7 29. Nd5 Nxd5 30. exd5 Qf7 31. Be6 Qe8 32. Nh4 Bc8 33. Rxc8 Rxc8
34. Qb1 g5 35. Bxc8 gxh4 36. Qc1 Bf8 37. d6 hxg3 38. hxg3 Kg7 39. d7 Qd8 40.
Qd1 Be7 41. Qg4+ Kf7 42. Bb7 Qh8 43. Bd5+ Kf8 44. Qe6 Qg7 45. Qb6 1-0

[Event "15. Obert Int. Sant Marti 2013"]
[Site "Barcelona ESP"]
[Date "2013.07.19"]
[Round "7.33"]
[White "Haug, Johannes"]
[Black "Gomez Jurado, Luis Alberto"]
[Result "1-0"]
[WhiteElo "2042"]
[BlackElo "2273"]
[PlyCount "67"]
[EventDate "2013.07.13"]
[EventType "swiss"]
[EventRounds "9"]
[EventCountry "ESP"]
[SourceTitle "Ajedrez en Madrid"]
[Source "lmi"]
[SourceDate "2013.07.13"]
[SourceVersion "1"]
[SourceVersionDate "2019.06.21"]
[SourceQuality "1"]

1. e4 c6 2. c4 d5 3. exd5 cxd5 4. cxd5 Nf6 5. Nf3 Nxd5 6. Nc3 Nc6 7. Bb5 e6 8.
O-O Be7 9. d4 O-O 10. Re1 Bf6 11. Ne4 Nce7 12. Nxf6+ Nxf6 13. Bg5 Ned5 14. Qb3
a6 15. Bd3 b5 16. Be4 Bb7 17. a4 Qb6 18. Bxf6 Nxf6 19. Bxb7 Qxb7 20. axb5 axb5
21. h3 h6 22. Rxa8 Rxa8 23. Rc1 Nd5 24. Rc5 b4 25. Qc4 Nf4 26. Rc6 b3 27. Kh2
Nd3 28. Rc7 Qb8 29. Ne5 Nxb2 30. Qc6 Nd1 31. Rxf7 b2 32. Qxe6 b1=Q 33. Rf8+ Kh7
34. Qg8# 1-0

[Event "15. Obert Int. Sant Marti 2013"]
[Site "Barcelona ESP"]
[Date "2013.07.19"]
[Round "7.34"]
[White "Larsen, Karsten"]
[Black "Cervello Tost, Ferran"]
[Result "1/2-1/2"]
[WhiteElo "2270"]
[BlackElo "2049"]
[PlyCount "79"]
[EventDate "2013.07.13"]
[EventType "swiss"]
[EventRounds "9"]
[EventCountry "ESP"]
[SourceTitle "Ajedrez en Madrid"]
[Source "lmi"]
[SourceDate "2013.07.13"]
[SourceVersion "1"]
[SourceVersionDate "2019.06.21"]
[SourceQuality "1"]

1. e4 e5 2. Bc4 Nc6 3. d3 Bc5 4. Nf3 d6 5. c3 Qe7 6. O-O Nf6 7. Bg5 O-O 8. Nbd2
a6 9. b4 Bb6 10. Nh4 Kh8 11. Qf3 h6 12. Be3 g5 13. Nf5 Bxf5 14. Qxf5 Nh7 15.
Bd5 Qf6 16. Qxf6+ Nxf6 17. Bxb6 cxb6 18. Nc4 Nxd5 19. exd5 Ne7 20. Nxb6 Rad8
21. a4 Nc8 22. Nxc8 Rxc8 23. Ra3 e4 24. dxe4 Rc4 25. f3 Rfc8 26. Re1 Rxc3 27.
Rxc3 Rxc3 28. e5 dxe5 29. Rxe5 Kg7 30. Re7 Rd3 31. Rxb7 Rxd5 32. Kf2 Rd2+ 33.
Kg3 Rb2 34. h3 a5 35. b5 Rb4 36. Ra7 Rxa4 37. b6 Rb4 38. b7 a4 39. Kf2 a3 40.
Rxa3 1/2-1/2

[Event "15. Obert Int. Sant Marti 2013"]
[Site "Barcelona ESP"]
[Date "2013.07.19"]
[Round "7.35"]
[White "Vatkali, Dimitra"]
[Black "Capellades Subirana, Marc"]
[Result "0-1"]
[WhiteElo "1964"]
[BlackElo "2260"]
[PlyCount "74"]
[EventDate "2013.07.13"]
[EventType "swiss"]
[EventRounds "9"]
[EventCountry "ESP"]
[SourceTitle "Ajedrez en Madrid"]
[Source "lmi"]
[SourceDate "2013.07.13"]
[SourceVersion "1"]
[SourceVersionDate "2019.06.21"]
[SourceQuality "1"]

1. e4 e5 2. Nf3 Nc6 3. d4 exd4 4. Nxd4 Bc5 5. Nxc6 bxc6 6. Bd3 Ne7 7. Nd2 d6 8.
Nb3 Bb6 9. a4 a5 10. Qe2 O-O 11. Bg5 f6 12. Be3 f5 13. Bxb6 cxb6 14. exf5 Nxf5
15. O-O Qf6 16. c3 Kh8 17. Rae1 Bd7 18. Bxf5 Qxf5 19. Nd4 Qg6 20. Qe4 Rae8 21.
Qxg6 hxg6 22. Re3 Rxe3 23. fxe3 Kg8 24. Rxf8+ Kxf8 25. Kf2 Ke7 26. Kf3 Kf6 27.
b3 c5 28. Nc2 c4 29. bxc4 Bxa4 30. Nd4 Ke5 31. e4 Bd1+ 32. Ke3 a4 33. Nc6+ Kf6
34. Nb4 Bb3 35. Kd4 Ke6 36. Nd5 a3 37. Nf4+ Kd7 0-1

[Event "15. Obert Int. Sant Marti 2013"]
[Site "Barcelona ESP"]
[Date "2013.07.19"]
[Round "7.36"]
[White "Montell Zabay, Alberto"]
[Black "Guttulsrud, Odd Martin"]
[Result "0-1"]
[WhiteElo "2026"]
[BlackElo "2212"]
[PlyCount "116"]
[EventDate "2013.07.13"]
[EventType "swiss"]
[EventRounds "9"]
[EventCountry "ESP"]
[SourceTitle "Ajedrez en Madrid"]
[Source "lmi"]
[SourceDate "2013.07.13"]
[SourceVersion "1"]
[SourceVersionDate "2019.06.21"]
[SourceQuality "1"]

1. e4 c5 2. Nf3 d6 3. d4 cxd4 4. Nxd4 Nf6 5. Nc3 a6 6. Bc4 e6 7. Bb3 Nc6 8. O-O
Be7 9. Kh1 Na5 10. f4 Nxb3 11. axb3 O-O 12. f5 Bd7 13. Bg5 b5 14. Qf3 Qb6 15.
Nde2 Rac8 16. Ng3 b4 17. Nd1 Rxc2 18. Ne3 Rcc8 19. Nc4 Qd8 20. Bxf6 gxf6 21.
Qh5 Kh8 22. Rf4 Rg8 23. Rh4 Rg7 24. Qh6 Qf8 25. Nb6 Rc7 26. Nxd7 Rxd7 27. Rxa6
e5 28. Qd2 Qc8 29. Ra1 Rc7 30. Ne2 Rc2 31. Qd3 Rxb2 32. Rh3 Qc2 33. Ra8+ Rg8
34. Rxh7+ Kxh7 35. Qh3+ Kg7 36. Qg4+ Kh6 37. Rxg8 Qd1+ 38. Ng1 Qxg4 39. Rxg4
Rxb3 40. Rh4+ Kg7 41. Rg4+ Kf8 42. h4 Ke8 43. h5 Bf8 44. Rg8 Ke7 45. g4 Re3 46.
g5 fxg5 47. f6+ Kxf6 48. Rxf8 Kg7 49. Rd8 Kh6 50. Rxd6+ Kxh5 51. Rf6 Rxe4 52.
Rxf7 Rc4 53. Kg2 Kg4 54. Kf2 Rf4+ 55. Rxf4+ exf4 56. Ne2 b3 57. Nc3 b2 58. Nb1
Kh3 0-1